The paintings of Lucas van Leyden : (Record no. 18719)

000 -LEADER
fixed length control field 01153pam a2200277 a 4500
001 - CONTROL NUMBER
control field 3922903
008 - FIXED-LENGTH DATA ELEMENTS--GENERAL INFORMATION
fixed length control field 920506s1992 moua bc s001 0 eng
010 ## - LIBRARY OF CONGRESS CONTROL NUMBER
LC control number 92018250
020 ## - INTERNATIONAL STANDARD BOOK NUMBER
International Standard Book Number 082620824X
050 00 - LIBRARY OF CONGRESS CALL NUMBER
Classification number ND653.L85S63 1992
100 1# - MAIN ENTRY--PERSONAL NAME
Personal name Smith, Elise Lawton.
245 14 - TITLE STATEMENT
Title The paintings of Lucas van Leyden :
Remainder of title a new appraisal, with catalogue raisonné /
Statement of responsibility, etc. Elise Lawton Smith.
260 ## - PUBLICATION, DISTRIBUTION, ETC. (IMPRINT)
Place of publication, distribution, etc. Columbia :
Name of publisher, distributor, etc. University of Missouri Press,
Date of publication, distribution, etc. c1992.
300 ## - PHYSICAL DESCRIPTION
Extent xvi, 386 p. :
Other physical details ill. ;
Dimensions 25 cm.
504 ## - BIBLIOGRAPHY, ETC. NOTE
Bibliography, etc Includes bibliographical references (p. 343-378) and index.
600 00 - SUBJECT ADDED ENTRY--PERSONAL NAME
Personal name Lucas,
Titles and other words associated with a name van Leyden,
Dates associated with a name 1494-1533
General subdivision Criticism and interpretation.
600 00 - SUBJECT ADDED ENTRY--PERSONAL NAME
Personal name Lucas,
Titles and other words associated with a name van Leyden,
Dates associated with a name 1494-1533
General subdivision Catalogues raisonnés.
700 0# - ADDED ENTRY--PERSONAL NAME
Personal name Lucas,
Titles and other words associated with a name van Leyden,
Dates associated with a name 1494-1533.
942 ## - ADDED ENTRY ELEMENTS (KOHA)
Source of classification or shelving scheme
Koha item type Hard Covered Materials
Classification part ND653.L85S63 1992
Holdings
Withdrawn status Lost status Source of classification or shelving scheme Damaged status Not for loan Home library Current library Shelving location Date acquired Source of acquisition Total Checkouts Full call number Barcode Date last seen Price effective from Koha item type
          MACHAKOS UNIVERSITY LIBRARY MACHAKOS UNIVERSITY LIBRARY Technical section 14/01/2017 Donation (BFA)   ND653.L85S63 1992 29444 19/07/2018 14/01/2017 Hard Covered Materials
© Machakos University Library, Along The Highway, Machakos Wote Rd, Machakos, Kenya P.O. Box 136 - 90100 Machakos - Kenya

Tel: ( +254 ) 723 805829 OR Fax : 044-20353 OR Email: library@mksu.ac.ke